Statistics for Kris Kross Charting Songs (Billboard Hot 100)

Click here to take the quiz!

General Stats

  • This quiz has been taken 3 times
  • The average score is 2 of 7

Answer Stats

AlbumWeeks OnPeakArtist(s)Song% Correct
Totally Krossed Out21 Weeks#1 (8 Weeks)Kris KrossJump
100%
Totally Krossed Out15 Weeks#63Kris KrossI Missed The Bus
67%
Totally Krossed Out20 Weeks#13Kris KrossWarm It Up
33%
Young, Rich, & Dangerous20 Weeks#12Kris KrossTonite's tha Night
0%
Da Bomb19 Weeks#19Kris Kross with Super CatAlright
0%
Young, Rich, & Dangerous10 Weeks#72Kris KrossLive and Die For Hip Hop
0%
Da Bomb6 Weeks#84Kris KrossI'm Real
0%

Score Distribution

Percentile by Number Answered

Percent of People with Each Score

Your Score History

You have not taken this quiz